Представление документа в формате RUSMARC

ПолеНазваниеЗначение
  Тип записи a
  Библиографический уровень m
001 Контрольный номер RU/УОНБ/EK/501099569
005 Дата корректировки 20250520122313.2
010 Индекс ISBN __
a ISBN 5-07-000599-5
d Цена 15 к.
9 Тираж 24028 экз.
100 Данные общей обработки __
a Данные общей обработки 20151117d1990 m y0rusy0189||||ca
101 Язык документа 0_
a Язык текста rus
102 Страна публикации __
a Страна публикации RU
105 Кодированные данные (монография) __
a Кодированные данные (монография) y z 000yy
200 Заглавие и сведения об ответственности 1_
a Заглавие Жить в согласии с природой
f Первые сведения об ответственности А.А. Горелов
210 Выходные данные 1_
a Место издания Москва
c Издательство Знание
d Дата издания 1990
215 Физическое описание __
a Объем 62, [2] с.
d Формат 17 см
225 Серия 1_
a Серия Новое в жизни, науке, технике
225 Серия 1_
a Серия Теория и практика социализма
v Обозначение тома 2/1990
606 Тематические рубрики 0_
a Основная рубрика Социальная экология
610 Ключевые слова 0_
a Ключевые слова экология социальная
675 Индекс УДК __
a Индекс УДК 301
686 Индексы других классификаций __
a Классификационный индекс 60.550.03
2 Код системы rubbk
700 Автор _1
a Фамилия Горелов
b Имя (инициалы) А.А.
g Полное личное имя Анатолий Алексеевич
801 Источник записи _0
a Страна RU
b Организация Ульяновская ОНБ
c Дата составления 20151117
g Правила каталогизации RCR
801 Источник записи _1
a Страна RU
b Организация Ульяновская ОНБ
c Дата составления 20151117
g Правила каталогизации RCR
901 Тип документа __
t Тип документа m
909 Создатель записи __
a Создатель записи Богданова
938 Служебная информация __
a Имя БД retro
b Имя библиотеки УОНБ
c Имя АИБС МАРК-SQL
d Номер DOC_ID в БД 159628